000 01436nam a22004097a 4500
001 000687
003 DO-SdBPM
005 20250901100820.0
007 ta
008 161111b 2005 sp a || |||| 00| 0 spa d
020 _a9789681909801
040 _aDO-SdBPM
_bspa
_cBPMSU
_erda
082 4 _a823.91
_bD533q 2005
_222
100 1 _aDahl, Roald,
_d1916-1990.
_eautor
240 1 0 _l
245 1 0 _a¡Qué asco de bichos! :
_bEl cocodrilo enorme /
_cRoald Dahl ; ilustraciones de Quentin Blake ; traducción María Puncel, M.A. Diéguez.
264 _aMéxico :
_bAlfaguara,
_c2005.
300 _a86 páginas :
_bilustraciones ;
_c20 cm.
336 _atexto
_btxt
_2rdacontent
337 _asin mediación
_bn
_2rdamedia
338 _avolumen
_bnc
_2rdacarrier
490 _aAlfaguara infantil
500 _aPara niños desde 8 años.
500 _aIncluye datos biográficos de la autora.
500 _a
534 _pTítulo original :
_tDirty beasts, and, enormous crocodile.
590 _aInventariado, 2025/VM
650 7 _aCuentos infantiles ingleses
650 7 _aCocodrilo
_vCuentos juveniles
650 7 _aLibros ilustrados para niños
700 1 _aBlake, Quentin,
_d1932-
_eilustración
700 1 _aPuncel, María,
_d1927-
_etraductor
700 1 _aDiéguez, M. A.,
_etraductor
740 3 2 _aEl cocodrilo enorme.
910 _aVMateo V. Control de calidad. BPMSU
942 _2ddc
_cBK
999 _c11912
_d11912